Κατάλογος Βιβλιοθηκών Mediterranean College

Γενική Λογιστική Ι, ΙΙ και Μηχανογραφημένη Λογιστική / Διδακτέα Ύλη Τ. Ε. Ι. και Α. Ε. Ι.: Έβδομη Έκδοση (Record no. 4281)

MARC details
000 -LEADER
fixed length control field 01879cam a22001934a 4500
005 - ΗΜΕΡΟΜΗΝΙΑ ΚΑΙ ΩΡΑ ΤΕΛΕΥΤΑΙΑΣ ΕΝΗΜΕΡΩΣΗΣ
Πεδίο ελέγχου 20250605164141.0
008 - FIXED-LENGTH DATA ELEMENTS--GENERAL INFORMATION
Πεδίο ελέγχου σταθερού μήκους 250528s ||||||||||||||||||||||||d
035 ## - SYSTEM CONTROL NUMBER
System control number 18989
040 ## - ΠΗΓΗ ΚΑΤΑΛΟΓΟΓΡΑΦΗΣΗΣ
Φορέας πρωτότυπης καταλογογράφησης MC Athens Campus Library
Γλώσσα καταλογογράφησης Ελληνικά, Μοντέρνα (1453-)
Modifying agency MC Athens Campus Library
Κανόνες περιγραφικής καταλογογράφησης AACR2
245 1# - ΤΙΤΛΟΣ ΚΑΙ ΔΗΛΩΣΗ ΥΠΕΥΘΥΝΟΤΗΤΑΣ
Τίτλος Γενική Λογιστική Ι, ΙΙ και Μηχανογραφημένη Λογιστική / Διδακτέα Ύλη Τ. Ε. Ι. και Α. Ε. Ι.: Έβδομη Έκδοση
250 ## - EDITION STATEMENT
Edition statement
260 ## - PUBLICATION, DISTRIBUTION, ETC.
Name of publisher, distributor, etc. Αθήνα,
Date of publication, distribution, etc. 1994
300 ## - PHYSICAL DESCRIPTION
Extent 432
520 ## - SUMMARY, ETC.
Summary, etc. Πρόλογος, Εισαγωγή στην Έννοια της Επιχείρησης, Η Λογιστική τα Οικονομικά Γεγονότα και οι Μεταβολές του Ισολογισμού, Οι Μετασχηματισμοί της Περιουσίας και η Παρακολούθηση Αυτών, Οι Λογαριασμοί Ειδικότερα, Διάκριση των Λογαριασμών Σύμφωνα με το Περιεχόμενο τους, Λογαριασμοί Ξένου Συνάλλαγματος, Τα Λογιστικά Βιβλία και Στοιχεία, Εργασίες Τέλους Χρήσης και Σύνταξη Ισολογισμού Λήξης, Εσωτερικός και Ταμειακός Έλεγχος, Η Λογιστική Οργάνωση και τα Λογιστικά Συστήματα, Λογιστική Υποκαταστημάτων, Τα Λογιστικά Σχέδια, Η Λογιστική και οι Η/Υ, Ο Εκτυπωτής, Το Λογισμικό, Η Εγκατάσταση Πακέτου, Είσοδος, Εργασία Πακέτου, Καθορισμός Δικαιωμάτων, Εργασίες Πινάκων, Εργασίες Βοηθητικών Προγραμμάτων.
700 1# - ΠΡΟΣΘΕΤΗ ΑΝΑΓΡΑΦΗ--ΦΥΣΙΚΟ ΠΡΟΣΩΠΟ
Personal name Κότιτσας Μιχαήλ
9 (RLIN) 5270
942 ## - ADDED ENTRY ELEMENTS (KOHA)
Koha item type Books
Holdings
Τύπος τεκμηρίου Βιβλιοθήκη Τρέχουσα τοποθεσία Barcode Αριθμός εισαγωγής Ημερομηνία απόκτησης Ταξιθετικό σύμβολο Αριθμός αντιτύπου Κατάσταση απόσυρσης Κατάσταση χαμένου Κατάσταση κατεστραμμένου Μη δανεισμός Σύνολο δανεισμών Ημερομηνία τελευταίας εμφάνισης Η τιμή ισχύει από
Books MC Athens Campus Library MC Athens Campus Library 9780000042804 3921 05/06/2025 657 ΚΟΤ 2           05/06/2025 05/06/2025

MC Athens Campus Library
Πατησίων 94 & Κοδριγκτώνος 13, 104 34
Πελλήνης 8 & Πατησίων 107, 112 51
Τ: +30 210 8899600

MC Thessaloniki Campus Library
Ίωνος Δραγούμη 21, 54625 | Ίωνος Δραγούμη 15, 54625
Τ: +30 2310 287779 – Τ: +30 2314 440300